Complete a Random Wikipedia Article #1 - Statistics

General Stats
  • This quiz has been taken 6 times
  • The average score is 17 of 31
Answer Stats
Article % Correct
8. {Spain}
83%
The 2003 Men's {European} Volleyball Championship
83%
11. {Greece}
67%
12. {Slovakia}
67%
2. {France}
67%
3. {Russia}
67%
5. {Poland}
67%
6. {Netherlands}
67%
7. {Germany}
67%
9. {Czech Republic}
67%
and {Poland} —
67%
{Czech Republic},
67%
Final Ranking1. {Italy}
67%
{Italy},
67%
It was hosted in Berlin, {Germany} from September 5 to September 14, 2003.
67%
, organized by Europe's governing {volleyball} body, the Confédération Européenne de Volleyball.
67%
plus hosts {Germany} were automatically qualified. The four group winners qualified, and the two best numbers two.
67%
{Russia},
67%
was the {23}rd edition of the event
67%
10. {Bulgaria}
50%
4. {Serbia and Montenegro}
33%
AwardsMost valuable player {Andrea Sartoretti} (ITA)
33%
Best digger {Hubert Henno} (FRA)
33%
Best receiver {Samuele Papi} (ITA)
33%
Best scorer {Richard Schuil} (NED)
33%
Best server {Andrea Sartoretti} (ITA)
33%
Best setter {Nikola Grbić} (SCG)
33%
Best spiker {Piotr Gruszka} (POL)
33%
Best blocker
{Luigi Mastrangelo} (ITA)
33%
QualificationThe first five from the {2001} edition of the Men's European Volleyball Championship —
33%
{Serbia & Montenegro},
33%
No matching quizzes found
Score Distribution
Percent of People with Each Score
Percentile by Number Answered
Your Score History
You have not taken this quiz